000 00927nam a2200289Ia 4500
005 20210727153029.0
008 121119s2003 ck a gr 000 0 spa
020 _a9583001325
041 0 _aspa
082 0 4 _a796.342
_bP27t
100 1 _aPerea Rosero, Tucídides
_d1933-
245 1 0 _aTenis
_cTucídides Perea Rosero ; ilustraciones, Julio César Forero
250 _aPrimera edición
300 _a287 páginas
_bilustraciones
_c15 cm
490 0 _aReglamentos deportivos
500 _aIncluye índice
650 1 4 _aTenis
_xEstrategia y técnicas
_2LEMB
650 1 4 _aTenis
_vReglamentos
_2LEMB
650 1 4 _aTenis
_vReglamentos
_2LEMB
700 1 _aForero C., Julio César
_eilustrador
942 _2ddc
_cBK
264 _aBogotá
_bPanamericana
_c2003
336 _atexto
_btxt
_2rdacontent
337 _asin mediación
_bn
_2rdamedia
338 _avolumen
_bnc
_2rdacarrier
040 _aCO-BoRNBP
_bspa
_erda
_cCO-BoRNBP
999 _c1158
_d1158